000 00955cab a2200265 4500
001 WB2924-58
008 090401t1993 xxu||||| |||| 00| 0 eng d
035 _a(Sirsi) u59206
041 _aeng
245 _aManchester and the Olympics
260 _c1993
300 _aLOAN
350 _a0
490 _aFinancial Times
_v23 June 1993 (16)
520 _aSupplement on Manchester`s bid to host the Olympic Games in the year 2000 including articles on the effects the Olympics have had on other cities, the facilities being planned, the economics of Greater Manchester, communications, the effects on urban regeneration and the role of the Urban Development Corporation.
650 _aMANCHESTER
650 _aMANCHESTER 2000 OLYMPIC BID
650 _aOLYMPIC GAMES 2000
650 _aTOURISM
650 _aURBAN DEVELOPMENT CORPORATION
650 _aURBAN REGENERATION
690 _aSPECIAL REPORTS
942 _n0
948 _c04/03/1997
999 _c36292
_d36292